00860nam a2200181 a 450000100100000000500170001000800410002704000250006811000680009324501760016126000620033730000320039949000460043159000260047783000530050395201050055699900170066100004870120201002061336.0190410s2016 dr a 000 0 spa d aDO-SdBNPbspacBNPHU1 aSuperintendencia de ElectricidadbRepública Dominicana97615210aReglamento revisiones y suministros para el tratamiento reclamaciones y denuncias de fraude en la relación empresas distribuidoras -usuarios :bresolución SIE-01-2018. aSanto Domingo :bSuperintendencia de Electricidad,c2016. a78 [4] p. :bils. ;c28 cm.1 aMercado eléctronico minorista (MEMI)v2 aInventariado, 2019/VM 0aMercado eléctronico minorista (MEMI)n2976158 0010718PDaPDbPDcHDd2019-04-10iLF1l0o p48701-10r2020-06-25w2020-06-25yLFPDZNo se presta c48189d48189